000 00702nam a2200193 i 4500
001 111344
003 ES-MaACL
005 20230906185303.0
007 t|
008 061121s1946 sp r ||||1| spa d
100 1 _aNájera Angulo, Luis.
_984870
245 1 3 _aLa gambusia holbroohii en España /
_cpor el Dr. Luia Nájera Angulo ; prólogo del ilustrísimo Sr. D. Luis Velaz Medrano.
260 _aMadrid :
_b[s.n.],
_c1946 (
_fC. Bermejo impresor)
300 _aVII, 82 p. 1 map. pleg. :
_bil ;
_c24 cm.
650 4 _aPaludismo-
_xPrevención.
_9156436
650 4 _aAnofeles-
_xControl biológico.
_9167232
700 1 _aVélaz de Medrano, Luis.
_9113790
852 _aES-MaACL
_j1870-F-29
_bR.23554
999 _c111344
_d111344